000
00285 a2200133 4500
000
nam a22 7a 4500
100
_a
Madan
110
_a
Madan
245
_a
Quantitative Zoology
250
_a
latest edition
260
_b
Medtech
_c
2026
264
_b
Medtech
_c
2026
942
_c
BK
999
_c
395239
_d
395239